| 000 | 00976nam a2200289Ia 4500 | ||
|---|---|---|---|
| 003 | GCL | ||
| 008 | 140319s9999 xx 000 0 ara d | ||
| 040 |
_aGCL / _cGCL |
||
| 082 | 0 | 4 |
_a364.142 _bر ه |
| 100 | 1 | _aروى روبرتسون | |
| 245 | 1 | 0 |
_aالهيروين والايدز واثرهما فى المجتمع / _cروى روبرتسون |
| 700 | 1 | _aيوسف ميخائيل اسعد | |
| 260 |
_a[S.N] : _bالهيئة المصرية العامة للكتاب ، _c1989 |
||
| 300 | _a189 ص | ||
| 490 |
_aالالف كتاب الثانى _v0 |
||
| 650 | 0 | 4 | _aادمان المخدرات |
| 650 | 0 | 4 | _aالمخدرات والشباب |
| 650 | 0 | 4 | _aالخدمة الاجتماعية |
| 650 | 0 | 4 | _aالمخدرات |
| 650 | 0 | 4 | _aمكافحة المخدرات |
| 650 | 0 | 4 | _aالايدز |
| 650 | 0 | 4 | _aالصحة العامة |
| 650 | 0 | 4 | _aالجوانب النفسية |
| 650 | 0 | 4 | _aالهيرويين |
| 650 | 0 | 4 | _aالمنبهات |
| 942 |
_2ddc _cBK |
||
| 999 |
_c27791 _d27791 |
||